000 00639nam a22002177a 4500
001 00088
003 DO-SdBNP
005 20160314145426.0
007 00088
008 160314b 2005 dr ||||| |||| 00| 0 spa d
040 _aBPMSU
_bspa
_cBPMSU
092 _axxxxxxxxx
_bxxxxxxxx
100 1 0 _aLizardo, Luis Francisco
245 1 3 _aEl pirata del Caribe
260 _aSanto Domingo :
_bUASD,
_c2005
300 _a102 p. :
_c21 cm.
490 0 0 _aPublicaciones de la Universidad Autónoma de Santo Domingo
_v1225
830 1 0 _aPublicaciones de la Universidad Autónoma de Santo Domingo
_n1225
942 _2ddc
_cBK
956 _aBrenda Tavárez
999 _c9226
_d9226